Southville International School and Colleges
Your cart is empty.
  • Cart
  • Lists
    Public lists Eva Luna New books Lux_list list_1
    Your lists Log in to create your own lists
  • Log in to your account
  • Your cookies
  • Search history
Southville International School and Colleges
  • Advanced search
  • Recent comments
  • Most popular
  • Libraries

Log in to your account

Log in with GOOGLE


If you do not have an external account, but do have a local account, you can still log in:

  1. Home
  2. MARC view: Reform and Revolution /
Normal view MARC view ISBD view

Reform and Revolution / (Record no. 305527)

[ view plain ]
MARC details
000 -LEADER
fixed length control field 00598nam a2200229Ia 4500
008 - FIXED-LENGTH DATA ELEMENTS--GENERAL INFORMATION
fixed length control field 170203s9999 xx 000 0 und d
020 ## - INTERNATIONAL STANDARD BOOK NUMBER
International Standard Book Number 9622582281
050 ## - LIBRARY OF CONGRESS CALL NUMBER
Classification number 959.921
050 ## - LIBRARY OF CONGRESS CALL NUMBER
Item number .K19 1998
100 ## - MAIN ENTRY--PERSONAL NAME
Personal name Guerrero, Milagros C.
245 ## - TITLE STATEMENT
Title Reform and Revolution /
260 ## - PUBLICATION, DISTRIBUTION, ETC. (IMPRINT)
Place of publication, distribution, etc Mandaluyong City :
260 ## - PUBLICATION, DISTRIBUTION, ETC. (IMPRINT)
Name of publisher, distributor, etc Asia Publishing House.
260 ## - PUBLICATION, DISTRIBUTION, ETC. (IMPRINT)
Date of publication, distribution, etc 1998
300 ## - PHYSICAL DESCRIPTION
Other physical details 10 v. : col. ill. ;
300 ## - PHYSICAL DESCRIPTION
Dimensions 29 cm.
440 ## - SERIES STATEMENT/ADDED ENTRY--TITLE
Volume number/sequential designation volume 5
650 ## - SUBJECT ADDED ENTRY--TOPICAL TERM
Topical term or geographic name as entry element Philippines --
650 ## - SUBJECT ADDED ENTRY--TOPICAL TERM
Topical term or geographic name as entry element Philippines -- Social conditions.
650 ## - SUBJECT ADDED ENTRY--TOPICAL TERM
General subdivision History.
700 ## - ADDED ENTRY--PERSONAL NAME
Personal name Schumacher, John N., author.
Holdings
Withdrawn status Lost status Damaged status Home library Current library Shelving location Date acquired Total Checkouts Full call number Barcode Date last seen Price effective from Koha item type
      Stonyhurst Southville International School (Batangas) Stonyhurst Southville International School (Batangas)   02/03/2017   959.921 .K19 1998 US-0942 02/03/2017 02/03/2017 Books

Reform and Revolution /

APA

Guerrero M. C., Schumacher J. N. a., .Reform and Revolution. Mandaluyong City: .

Chicago

Guerrero Milagros C, Schumacher John N author, .Reform and Revolution. Mandaluyong City: .

Harvard

Guerrero M. C., Schumacher J. N. a., .Reform and Revolution. Mandaluyong City: .

MLA

Guerrero Milagros C, Schumacher John N author, .Mandaluyong City: . .

  • Place hold
  • Print
  • Cite
  • Add to your cart (remove)
  • Save record
    BIBTEX Dublin Core MARCXML MARC (non-Unicode/MARC-8) MARC (Unicode/UTF-8) MARC (Unicode/UTF-8, Standard) MODS (XML) RIS
  • More searches
    Search for this title in:
    Other Libraries (WorldCat) Other Databases (Google Scholar) Online Stores (Bookfinder.com) Open Library (openlibrary.org)

Exporting to Dublin Core...

SOUTHVILLE LIBRARY

Southville International School and Colleges Library

1281 Tropical Ave. Cor. Luxembourg St., BF Homes International, Las Pinas City

Tel. No. 8256374 / 252358 Loc. 117/146

Powered by Koha